Qui a chanté ces paroles? #2 - Chansons anglaises - Statistiques

Statistiques générales
  • Ce quiz a été pris 43 fois
  • Le résultat moyen est 5 sur 15
Statistiques - réponses
Paroles Interprète % Correct
Is this the real life? Is this just fantasy? Caught in a landslide, no escape from reality. Queen
68%
We keep this love in a photograph We made these memories for ourselves Ed Sheeran
55%
I heard that you're settled down, That you found a girl and you're married now. Adele
50%
I used to rule the world, seas would rise when I gave the word.Now in the mornin', I sleep alone, sweep the streets I used to own Coldplay
50%
When I find myself in times of trouble, Mother Mary comes to me, speaking words of wisdom… The Beatles
47%
It's a little bit funny, this feeling inside.I'm not one of those who can easily hide. Elton John
37%
Tastes like strawberries on a summer evenin' And it sounds just like a song Harry Styles
37%
How can I be homophobic? My bitch is gay Hit man in the top, try see a man topless, even the stick is gay Central Cee
34%
Crawlin' back to you, Ever thought of callin' when you've had a few? Arctic Monkeys
26%
And through it all she offers me protection A lot of love and affection, whether I'm right or wrong Robbie Williams
24%
I love you much It's not enough, you love blow and I love puff Amy Winehouse
11%
Guess it's true, I'm not good at a one-night stand. But I still need love 'cause I'm just a man. Sam Smith
11%
Since you've gone I've been lost without a trace I dream at night, I can only see your face Sting
5%
Did the heartbreak change me? Maybe. But look at where I ended up. Dua Lipa
3%
I'm your favorite reference, baby Call me Gabbriette, you're so inspired Charli XCX
0%
Aucun quiz correspondant
Distribution des résultats
% des personnes avec chaque résultat
Percentile par nombre de réponses
Votre historique - résultats
Vous n’avez pas pris ce quiz